VILLI ELI = (Record no. 178518)

MARC details
000 -LEADER
fixed length control field 01887nam a22003971i 4500
005 - DATE AND TIME OF LATEST TRANSACTION
control field 20200806110045.0
008 - FIXED-LENGTH DATA ELEMENTS--GENERAL INFORMATION
fixed length control field 200806s2017 ii a j 000 1 tam d
020 ## - INTERNATIONAL STANDARD BOOK NUMBER
Terms of availability RM 50.40 (set)
-- RM 6.30
Qualifying information paperback
040 ## - CATALOGING SOURCE
Original cataloging agency PPAK
Language of cataloging eng
Transcribing agency PPAK
Description conventions rda
082 ## - DEWEY DECIMAL CLASSIFICATION NUMBER
Edition number 23
Classification number 398.2
090 ## - LOCALLY ASSIGNED LC-TYPE CALL NUMBER (OCLC); LOCAL CALL NUMBER (RLIN)
Classification number (OCLC) (R) ; Classification number, CALL (RLIN) (NR) 398.2
Feature heading TAB
Feature heading K
100 ## - MAIN ENTRY--PERSONAL NAME
Linkage 880-01
Personal name Tabor, Alta
Relator term author.
245 10 - TITLE STATEMENT
Linkage 880-02
Title VILLI ELI =
Remainder of title Willie Mouse /
Statement of responsibility, etc. Author : ALTA TABOR ; Tamil Translation: Ko Ma. Ko. Elango ; Illustration : Florence white william
246 3# - VARYING FORM OF TITLE
Display text Translation of:
Title proper/short title Willie Mouse
264 #1 - PRODUCTION, PUBLICATION, DISTRIBUTION, MANUFACTURE, AND COPYRIGHT NOTICE
Place of production, publication, distribution, manufacture Chennai, India:
Name of producer, publisher, distributor, manufacturer Books For Children ,
Date of production, publication, distribution, manufacture, or copyright notice 2017.
300 ## - PHYSICAL DESCRIPTION
Extent 31 pages :
Other physical details illustration (black and white) ;
Dimensions 22 cm.
336 ## - CONTENT TYPE
Source rdacontent
Content type term text
337 ## - MEDIA TYPE
Source rdamedia
Media type term unmediated
338 ## - CARRIER TYPE
Source rdacarrier
Carrier type term volume
490 1# - SERIES STATEMENT
Linkage 880-03
Series statement World famous children's comic
500 ## - GENERAL NOTE
General note English Original: Willie Mouse<br/>Author : Alta Tabor
546 ## - LANGUAGE NOTE
Language note In Tamil.
650 10 - SUBJECT ADDED ENTRY--TOPICAL TERM
Topical term or geographic name entry element Children's stories, Tamil
Topical term or geographic name entry element Tales
General subdivision Translation into Tamil
700 0# - ADDED ENTRY--PERSONAL NAME
Linkage 880-04
Personal name Ko Ma. Ko. Elango
Relator term translator.
Linkage 880-06
Personal name William, Florence White
Relator term illustrator.
765 0# - ORIGINAL LANGUAGE ENTRY
Main entry heading Translation of:
-- Tabor, Alta
Title Willie Mouse
830 #0 - SERIES ADDED ENTRY--UNIFORM TITLE
Linkage 880-5
Uniform title World famous children's comic
880 10 - ALTERNATE GRAPHIC REPRESENTATION
Linkage 100-01
a தபோர், அல்டா
Linkage 245-02
a வில்லி எலி /
c அல்டா தபோர் ; தமிழில்: கொ.மா.கோ.இளங்கோ
Linkage 490-03
a உலகப் புகழ்பெற்ற சிறார் சித்திரக்கதை
Linkage 700-04
a கொ.மா.கோ. இளங்கோ
Linkage 700-06
a வில்லியம், ஃபுலோரன்ஸ் ஒயிட்
Linkage 830-05
a உலகப் புகழ்பெற்ற சிறார் சித்திரக்கதை
942 ## - ADDED ENTRY ELEMENTS (KOHA)
Source of classification or shelving scheme Dewey Decimal Classification
Koha item type Book
Holdings
Withdrawn Not for loan Current library Shelving location Date acquired Full call number Barcode Date last seen Koha item type Total Checkouts Date last checked out
    Perpustakaan Alor Setar Pinjaman Kanak-kanak 03/09/2020 K 398.2 TAB A01645805 03/09/2020 Book    
    Perpustakaan Kulim Pinjaman Kanak-kanak 03/09/2020 K 398.2 TAB A01645806 18/01/2025 Book 3 28/12/2024